Tanques rectangulares de concreto bajo tierra en edificios
Kaydedildi:
| Yazar: | |
|---|---|
| Materyal Türü: | Bilinmiyor |
| Baskı/Yayın Bilgisi: |
[San José, Costa Rica]
1973
|
| Konular: | |
| Etiketler: |
Etiketle
Etiket eklenmemiş, İlk siz ekleyin!
|
MARC
| LEADER | 00000 a2200000 4500 | ||
|---|---|---|---|
| 003 | 011448 | ||
| 005 | 20221231143820.0 | ||
| 008 | 140114s1973 C a m 000 ||S d | ||
| 040 | |c cru CEDI | ||
| 090 | |a TFG 529 | ||
| 100 | |a Pastor Gómez, Juan Antonio |9 16644 | ||
| 245 | |a Tanques rectangulares de concreto bajo tierra en edificios | ||
| 260 | |c 1973 |a [San José, Costa Rica] | ||
| 300 | |a 96 hojas : cuadros, gráficos | ||
| 500 | |a Tesis (Ingeniero Civil)--Universidad de Costa Rica. | ||
| 650 | |x TANQUES |x DEPOSITOS PARA AGUA |9 16645 | ||
| 942 | |c TFG | ||
| 999 | |c 12406 |d 12406 | ||
